Music Quiz / Girls' Generation Picture Quiz (Slideshow)

Random Music or Kpop Quiz

Results

Quiz not verified by Sporcle

Score 0/9 Timer 03:00
0 Plays Today
% Correct
Sunny
98.5%
Taeyeon
94%
Hyoyeon
93.8%
Yoona
93.4%
Yuri
93.1%
Tiffany
91.7%
Sooyoung
89.7%
Seohyun
89%
Jessica
88%
 
Number % Answered
9 (all)
70.8%
8
11.5%
7
4.8%
6
3.5%
5
3.9%
4
2.2%
3
1.4%
2
1%
1
0.9%

You're not logged in!

Compare scores with friends on all Sporcle quizzes.
Sign Up with Email
OR
Log In

You Might Also Like...

Show Comments

Extras


Your Account Isn't Verified!

In order to create a playlist on Sporcle, you need to verify the email address you used during registration. Go to your Sporcle Settings to finish the process.